000 00382nam a2200133Ia 4500
008 100328s9999 xx 000 0 und d
082 _b17834
100 _aयादव राजेन्द्र
245 _aनिन्नि
260 _bहिन्दी पॉकेट बुक्स
630 _aनिन्नि
730 _aनिन्नि
942 _cBOOK
999 _c512325
_d512322